| 000 | 00880nmc a2200289 a 4500 | ||
|---|---|---|---|
| 003 | AR-BaBNM | ||
| 005 | 20251128211808.0 | ||
| 008 | 176020s2004 ||||||||||||||000 | spa|| | ||
| 020 | _a84-277-1453-X | ||
| 040 | _cAR-BaBNM | ||
| 100 | 1 | _aAlsina i Pastells, Angel | |
| 245 | 1 | 0 |
_aDesarrollo de competencias matemáticas con recursos lúdico-manipulativos _bpara niños y niñas de 6 a 12 años |
| 260 |
_aMadrid _bNarcea, S.A. de Ediciones _c2004 |
||
| 300 | 0 |
_a156 p. _bil. |
|
| 490 | 0 | _aHerramientas | |
| 504 | _aContiene referencias bibliográficas | ||
| 650 | 4 | _aENSENANZA DE LAS MATEMATICAS | |
| 650 | 4 | _aMATERIAL DIDACTICO | |
| 650 | 4 | _aACTIVIDADES DE APRENDIZAJE | |
| 650 | 4 | _aARITMETICA | |
| 650 | 4 | _aGEOMETRIA | |
| 650 | 4 | _aESTADISTICA | |
| 650 | 4 | _aDESARROLLO DEL CURRICULO | |
| 653 | 0 | _aESTRATEGIAS DIDACTICAS | |
| 942 | _cBK | ||
| 998 | _cme-solo cat | ||
| 999 |
_c21151 _d21151 |
||